[Event "Women's Speed Chess Q2"]
[Site "chess.com INT"]
[Date "2020.06.19"]
[Round "7"]
[White "Nandhidhaa, P V"]
[Black "Zawadzka, Jolanta"]
[Result "1-0"]
[WhiteTitle "WGM"]
[BlackTitle "WGM"]
[WhiteElo "2365"]
[BlackElo "2419"]
[WhiteFideId "5050847"]
[BlackFideId "1122320"]
[EventDate "2020.06.19"]

1. e4 c5 2. Nf3 d6 3. d4 cxd4 4. Nxd4 Nf6 5. Nc3 a6 6. f3 e5 7. Nb3 Be6 8. Be3
Nbd7 9. Qd2 b5 10. Nd5 Nxd5 11. exd5 Bf5 12. Na5 Nb6 13. Nc6 Qc7 14. Bxb6 Qxb6
15. Bd3 Bd7 16. O-O-O Rc8 17. Rhe1 g6 18. f4 Bh6 19. Kb1 Bxc6 20. dxc6 O-O 21.
Be4 Bxf4 22. Qxd6 Rfd8 23. Qf6 Rd2 24. Bd5 Qc7 25. Rxd2 Bxd2 26. Rf1 Rf8 27.
Bxf7+ Rxf7 28. Qxf7+ Qxf7 29. Rxf7 Kxf7 30. c7 1-0

[Event "Women's Speed Chess Q2"]
[Site "chess.com INT"]
[Date "2020.06.19"]
[Round "7"]
[White "Sucikova, Svetlana"]
[Black "Eswaran, Aksithi"]
[Result "1-0"]
[WhiteTitle "WFM"]
[BlackTitle "WCM"]
[WhiteElo "2171"]
[BlackElo "1745"]
[WhiteFideId "14923653"]
[BlackFideId "2083485"]
[EventDate "2020.06.19"]

1. Nf3 d5 2. g3 Bg4 3. Bg2 c6 4. O-O Bxf3 5. Bxf3 Nf6 6. Bg2 e6 7. Re1 Bd6 8. d4
O-O 9. Bg5 Nbd7 10. Nc3 h6 11. Bd2 Qc7 12. e4 dxe4 13. Nxe4 Nxe4 14. Bxe4 Nf6
15. Bd3 Rfe8 16. c3 e5 17. dxe5 Bxe5 18. Rc1 Rad8 19. Bb1 Bd6 20. Qc2 Bc5 21.
Bf4 Bd6 22. Be3 c5 23. Rcd1 b6 24. a3 Qc8 25. Qf5 Qc7 26. Ba2 Re5 27. Qc2 Rde8
28. Rf1 R5e7 29. Bxh6 gxh6 30. Qg6+ Kh8 31. Qxf6+ Kh7 32. Bb1+ 1-0

[Event "Women's Speed Chess Q2"]
[Site "chess.com INT"]
[Date "2020.06.19"]
[Round "7"]
[White "Eswaran, Ashritha"]
[Black "Kovacs, Klara"]
[Result "1-0"]
[WhiteTitle "WIM"]
[BlackTitle "WIM"]
[WhiteElo "2244"]
[BlackElo "2154"]
[WhiteFideId "2080788"]
[BlackFideId "733210"]
[EventDate "2020.06.19"]

1. e4 e6 2. d4 d5 3. Nc3 Bb4 4. e5 c5 5. a3 Bxc3+ 6. bxc3 Ne7 7. Qg4 Nf5 8. Ne2
b6 9. h4 Ba6 10. Qf4 Nc6 11. Be3 Rc8 12. h5 h6 13. g4 Nfe7 14. Rh3 cxd4 15. Nxd4
Bxf1 16. Kxf1 Nxd4 17. Bxd4 Nc6 18. Rf3 O-O 19. Rd1 Nxd4 20. Rxd4 Qe7 21. Rg3
Qg5 22. Qf3 Rc5 23. Rf4 Qxe5 24. Kg2 Qg5 25. Rd4 Rfc8 26. Rd3 Qf6 27. Qe3 e5 28.
g5 hxg5 29. Rxg5 Re8 30. Qg3 Kh7 31. Rf3 Qh6 32. Rxf7 Rg8 33. Rg6 1-0

[Event "Women's Speed Chess Q2"]
[Site "chess.com INT"]
[Date "2020.06.19"]
[Round "7"]
[White "Doluhanova, Evgeniya"]
[Black "Filippova, Margarita"]
[Result "1/2-1/2"]
[WhiteTitle "WGM"]
[BlackTitle "WFM"]
[WhiteElo "2229"]
[BlackElo "1931"]
[WhiteFideId "14112035"]
[BlackFideId "34199680"]
[EventDate "2020.06.19"]

1. Nf3 Nf6 2. b3 d5 3. Bb2 c5 4. e3 Nc6 5. Bb5 a6 6. Bxc6+ bxc6 7. Ne5 Qc7 8. d3
e6 9. Nd2 Bd6 10. f4 Nd7 11. Nxd7 Bxd7 12. O-O e5 13. Nf3 exf4 14. exf4 O-O 15.
Be5 Bg4 16. Bxd6 Qxd6 17. Qd2 Rae8 18. Ne5 Bf5 19. Rae1 f6 20. Nf3 d4 21. a4 Qd5
22. Rxe8 Rxe8 23. Re1 Qd7 24. Rxe8+ Qxe8 25. Qe1 Qd7 26. Kf2 Bg4 27. Qe4 Bxf3
28. Kxf3 h6 29. g4 Kf7 30. f5 Qc7 31. Qf4 Qa5 32. Qd6 Qe1 33. Qd7+ Kf8 34. Qd8+
Kf7 35. Qd7+ Kf8 36. Qd6+ Kf7 37. Qd7+ 1/2-1/2

[Event "Women's Speed Chess Q2"]
[Site "chess.com INT"]
[Date "2020.06.19"]
[Round "7"]
[White "Hng, Mei-En Emmanuelle"]
[Black "Vovk, Anastasiia"]
[Result "1-0"]
[WhiteTitle "WFM"]
[BlackTitle "WGM"]
[WhiteElo "2029"]
[BlackElo "2076"]
[WhiteFideId "5804566"]
[BlackFideId "14110563"]
[EventDate "2020.06.19"]

1. e4 c6 2. d4 d5 3. e5 Bf5 4. h4 h5 5. c4 dxc4 6. Bxc4 e6 7. Nc3 Ne7 8. Bg5 Qb6
9. Bxe7 Bxe7 10. Qd2 Nd7 11. Nf3 Qc7 12. O-O Nb6 13. Bd3 Bxd3 14. Qxd3 Nd5 15.
Nxd5 cxd5 16. Rac1 Qb6 17. Rc3 O-O 18. Rb3 Qc6 19. Rc3 Qb6 20. Qc2 Bb4 21. Rc7
Ba5 22. Rd7 Rac8 23. Qa4 Rc4 24. Qb3 Rb4 25. Qd3 Rxb2 26. Ng5 g6 27. Rxf7 Rxf7
28. Qxg6+ Kh8 29. Nxf7# 1-0

[Event "Women's Speed Chess Q2"]
[Site "chess.com INT"]
[Date "2020.06.19"]
[Round "7"]
[White "Kubicka, Anna"]
[Black "Kirchei, Viktoriia"]
[Result "1-0"]
[WhiteTitle "WIM"]
[BlackTitle "WFM"]
[WhiteElo "2256"]
[BlackElo "2207"]
[WhiteFideId "1152254"]
[BlackFideId "34133396"]
[EventDate "2020.06.19"]

1. e4 c5 2. Ne2 Nc6 3. g3 g6 4. Bg2 Bg7 5. O-O Nf6 6. c3 d6 7. d4 cxd4 8. cxd4
O-O 9. Nbc3 e5 10. h3 Qe7 11. d5 Nd8 12. Be3 b6 13. Rc1 Bb7 14. Nb5 a6 15. Rc7
Nd7 16. Nbc3 b5 17. a4 b4 18. Na2 a5 19. Nac1 Rc8 20. Qc2 Rxc7 21. Qxc7 f5 22.
f3 fxe4 23. fxe4 Rxf1+ 24. Bxf1 Kf7 25. Qxa5 Nf6 26. Qxb4 h5 27. Bg2 Ba6 28. Nc3
Qc7 29. Qb6 Qxb6 30. Bxb6 Nb7 31. b4 Nd7 32. Be3 Bc4 33. Bf1 Bxf1 34. Kxf1 Nb8
35. a5 Bf6 36. Bb6 Ke7 37. Nd3 Kd7 38. b5 Nd8 39. a6 Kc8 40. a7 1-0

[Event "Women's Speed Chess Q2"]
[Site "chess.com INT"]
[Date "2020.06.19"]
[Round "7"]
[White "Mamedjarova, Turkan"]
[Black "Bulmaga, Irina"]
[Result "0-1"]
[WhiteTitle "WGM"]
[BlackTitle "IM"]
[WhiteElo "2309"]
[BlackElo "2440"]
[WhiteFideId "13402005"]
[BlackFideId "13903063"]
[EventDate "2020.06.19"]

1. d4 Nf6 2. c4 e6 3. Nf3 b6 4. Nc3 Bb7 5. Qc2 Bb4 6. Bg5 h6 7. Bh4 g5 8. Bg3
Ne4 9. Nd2 Bxc3 10. bxc3 Nxg3 11. hxg3 d6 12. e4 Nd7 13. Be2 Qe7 14. Qd3 a5 15.
a4 e5 16. Qe3 Nf6 17. f3 g4 18. Rb1 Bc6 19. Bd1 h5 20. Bc2 Rg8 21. Kf2 O-O-O 22.
d5 Bb7 23. c5 dxc5 24. Nc4 Ne8 25. Rxh5 f6 26. Rbh1 Nd6 27. Nxd6+ Qxd6 28. Rh7
gxf3 29. gxf3 Kb8 30. Rf7 Rdf8 31. Rhh7 Rxf7 32. Rxf7 c4 33. Qh6 Qa3 34. Qh7 Rc8
35. d6 Qxd6 36. Rd7 Qa3 37. Bd1 Qxc3 38. Be2 Qb4 39. Qf7 c3 40. Qxf6 c2 0-1

[Event "Women's Speed Chess Q2"]
[Site "chess.com INT"]
[Date "2020.06.19"]
[Round "7"]
[White "Golubenko, Valentina"]
[Black "Shuqja, Klean"]
[Result "1-0"]
[WhiteTitle "WGM"]
[BlackTitle "WCM"]
[WhiteElo "2209"]
[BlackElo "1838"]
[WhiteFideId "4501993"]
[BlackFideId "4701585"]
[EventDate "2020.06.19"]

1. d4 Nf6 2. g3 g6 3. Bg2 Bg7 4. c4 d5 5. cxd5 Nxd5 6. e4 Nb6 7. Ne2 O-O 8. O-O
c6 9. Nbc3 Na6 10. Bf4 Nc7 11. Rc1 Ne6 12. d5 Nxf4 13. Nxf4 g5 14. Nh5 Bh8 15.
f4 cxd5 16. exd5 h6 17. fxg5 hxg5 18. Qd2 e6 19. d6 Nc4 20. Qe2 Nxd6 21. Rfd1
Qe7 22. Nd5 Qd8 23. Nc7 Rb8 24. Qd2 Be5 25. Nb5 Qb6+ 26. Nd4 Bxd4+ 27. Qxd4
Qxd4+ 28. Rxd4 Nf5 29. Rb4 b6 30. g4 Ne3 31. Bf3 Bb7 32. Nf6+ Kg7 33. Nd7 Bxf3
34. Nxf8 1-0

[Event "Women's Speed Chess Q2"]
[Site "chess.com INT"]
[Date "2020.06.19"]
[Round "7"]
[White "Kaya, Emel"]
[Black "Lesbekova, Asel"]
[Result "0-1"]
[WhiteTitle "WCM"]
[BlackTitle "WCM"]
[WhiteElo "1912"]
[BlackElo "1920"]
[WhiteFideId "6306411"]
[BlackFideId "13713248"]
[EventDate "2020.06.19"]

1. e4 c5 2. Nf3 Nc6 3. Bb5 e6 4. Bxc6 bxc6 5. Nc3 Nf6 6. d3 d6 7. O-O e5 8. h3
Be7 9. Be3 O-O 10. a4 Qc7 11. b3 a6 12. Nd2 d5 13. Ne2 d4 14. Bg5 h6 15. Bxf6
Bxf6 16. Nc4 Bg5 17. Rb1 f5 18. f3 Be6 19. Ng3 f4 20. Ne2 Bf6 21. Qd2 Rab8 22.
Qa5 Qd7 23. Qxc5 Bxh3 24. Nxe5 Qe6 25. Qc4 Bxe5 26. gxh3 Qxc4 27. bxc4 c5 28.
Kf2 a5 29. Rb5 Rxb5 30. cxb5 c4 31. dxc4 Rc8 32. Rb1 Rxc4 33. c3 d3 34. Nd4 Rxc3
35. Nc6 Rc2+ 36. Ke1 Bc3+ 37. Kd1 Rh2 38. Rb3 Rh1# 0-1

[Event "Women's Speed Chess Q2"]
[Site "chess.com INT"]
[Date "2020.06.19"]
[Round "7"]
[White "Kabanova, Ekaterina"]
[Black "Bogumil, Tatiana"]
[Result "0-1"]
[WhiteTitle "WFM"]
[BlackTitle "WGM"]
[WhiteElo "2138"]
[BlackElo "2182"]
[WhiteFideId "24112917"]
[BlackFideId "4110579"]
[EventDate "2020.06.19"]

1. c4 Nf6 2. Nf3 c5 3. e3 b6 4. a3 Bb7 5. b3 g6 6. Bb2 Bg7 7. Qc2 O-O 8. h4 d5
9. cxd5 Qxd5 10. Bc4 Qh5 11. Be2 Qd5 12. Nc3 Qd8 13. O-O-O Nc6 14. Ng5 Rc8 15.
h5 Nd4 16. exd4 cxd4 17. hxg6 hxg6 18. Bc4 dxc3 19. Bxc3 Qd6 20. Kb1 Qxa3 21.
Qxg6 Rxc4 22. Nxf7 Rxf7 23. bxc4 Be4+ 24. Qxe4 Nxe4 25. Bxg7 Rxg7 26. Rh3 Qb4+
27. Ka2 Nxd2 28. Rd3 Nxc4 29. Rb3 Qa4+ 0-1

[Event "Women's Speed Chess Q2"]
[Site "chess.com INT"]
[Date "2020.06.19"]
[Round "7"]
[White "Munkhzul, Turmunkh"]
[Black "Papp, Petra"]
[Result "1/2-1/2"]
[WhiteTitle "WIM"]
[BlackTitle "WGM"]
[WhiteElo "2278"]
[BlackElo "2338"]
[WhiteFideId "4901878"]
[BlackFideId "739049"]
[EventDate "2020.06.19"]

1. e4 e6 2. d4 d5 3. Nc3 Nf6 4. e5 Nfd7 5. f4 c5 6. Nf3 Nc6 7. Be3 Be7 8. Qd2
O-O 9. dxc5 Qa5 10. O-O-O b6 11. Bb5 Nb4 12. c6 Nxa2+ 13. Nxa2 Qxa2 14. Qc3 Nc5
15. Bxc5 Bxc5 16. b4 Be7 17. Kd2 d4 18. Nxd4 a5 19. Ra1 Qd5 20. Ke3 Bxb4 21. Qc4
Qxg2 22. Qe2 Qd5 23. Qc4 Qg2 24. Qe2 Qd5 25. Qc4 Qg2 1/2-1/2

[Event "Women's Speed Chess Q2"]
[Site "chess.com INT"]
[Date "2020.06.19"]
[Round "7"]
[White "Mamedjarova, Zeinab"]
[Black "Bouah, Denise"]
[Result "1-0"]
[WhiteTitle "WGM"]
[BlackTitle "WIM"]
[WhiteElo "2274"]
[BlackElo "1770"]
[WhiteFideId "13401521"]
[BlackFideId "14300818"]
[EventDate "2020.06.19"]

1. d4 d6 2. c4 Nd7 3. Nf3 g6 4. g3 Bg7 5. Bg2 Ngf6 6. O-O O-O 7. Nc3 Re8 8. e4
e5 9. Re1 Rb8 10. h3 a6 11. a4 exd4 12. Nxd4 Nc5 13. Qc2 Nfxe4 14. Nxe4 Bxd4 15.
Bg5 f6 16. Bxf6 Bxf6 17. Nxf6+ Qxf6 18. Rxe8+ Kf7 19. Re3 Bf5 20. Qe2 c6 21. g4
Bd3 22. Rxd3 Nxd3 23. Qxd3 Qxb2 24. Re1 Rf8 25. Qxd6 Kg8 26. Qe6+ Kg7 27. Qe5+
Qxe5 28. Rxe5 Rf4 29. Bf1 Rf3 30. Re7+ Kh6 31. Rxb7 Ra3 32. Rb6 Rxa4 33. Rxc6
Ra2 34. c5 a5 35. Ra6 a4 36. c6 a3 37. Bg2 Ra1+ 38. Kh2 a2 39. h4 Kg7 40. g5 h6
41. Ra7+ Kg8 42. c7 Rc1 43. Bd5+ 1-0

[Event "Women's Speed Chess Q2"]
[Site "chess.com INT"]
[Date "2020.06.19"]
[Round "7"]
[White "Tokhirjonova, Gulrukhbegim"]
[Black "Dauletova, Gulmira"]
[Result "1-0"]
[WhiteTitle "WGM"]
[BlackTitle "WIM"]
[WhiteElo "2378"]
[BlackElo "2319"]
[WhiteFideId "14203626"]
[BlackFideId "13702971"]
[EventDate "2020.06.19"]

1. e4 e5 2. Nf3 Nc6 3. Bb5 a6 4. Ba4 Nf6 5. O-O Nxe4 6. d4 b5 7. Bb3 d5 8. dxe5
Be6 9. c3 Bc5 10. Nbd2 O-O 11. Qe2 Bf5 12. Nxe4 dxe4 13. Ng5 Nxe5 14. Nxe4 Bd6
15. Bf4 Bxe4 16. Qxe4 Qf6 17. Bg3 Rad8 18. Rad1 Rfe8 19. Qb7 Ng4 20. Bxd6 Rxd6
21. Qxc7 Rxd1 22. Bxd1 Nxf2 23. Qa7 Nh3+ 24. gxh3 Qg5+ 25. Kh1 h5 26. Qxf7+ Kh7
27. Bc2+ Kh6 28. Qxe8 Qd5+ 29. Be4 Qd2 30. Qg6# 1-0

[Event "Women's Speed Chess Q2"]
[Site "chess.com INT"]
[Date "2020.06.19"]
[Round "7"]
[White "Goryachkina, Aleksandra"]
[Black "Tomilova, Elena"]
[Result "1-0"]
[WhiteTitle "GM"]
[BlackTitle "WGM"]
[WhiteElo "2582"]
[BlackElo "2353"]
[WhiteFideId "4147103"]
[BlackFideId "4162340"]
[EventDate "2020.06.19"]

1. e4 e6 2. d4 d5 3. exd5 exd5 4. Bd3 Nc6 5. c3 Bd6 6. Qf3 Nge7 7. Ne2 Be6 8.
Bf4 Qd7 9. h3 Bf5 10. Bxd6 Bxd3 11. Qxd3 Qxd6 12. Nd2 O-O 13. O-O Rfe8 14. Nb3
b6 15. Ng3 Ng6 16. Rfe1 Qd7 17. Qf3 Re6 18. Re3 Rae8 19. Rae1 Nd8 20. Nc1 c6 21.
Nd3 f6 22. Qg4 Qf7 23. h4 Rxe3 24. Rxe3 Rxe3 25. fxe3 Qe6 26. Nf5 Qd7 27. Nh6+ 1-0

[Event "Women's Speed Chess Q2"]
[Site "chess.com INT"]
[Date "2020.06.19"]
[Round "7"]
[White "Pham, Bich Ngoc"]
[Black "Nguyen, Thi Mai Hung"]
[Result "1-0"]
[WhiteTitle "WIM"]
[BlackTitle "WGM"]
[WhiteElo "2235"]
[BlackElo "2258"]
[WhiteFideId "12401285"]
[BlackFideId "12401676"]
[EventDate "2020.06.19"]

1. g3 d5 2. Bg2 Nf6 3. d3 g6 4. f4 Bg7 5. Nf3 O-O 6. O-O b6 7. Nc3 Bb7 8. Ne5 c5
9. e4 dxe4 10. dxe4 Qxd1 11. Rxd1 Na6 12. a3 Rfd8 13. Be3 Nc7 14. g4 Ne6 15. Nd5
Kf8 16. c3 Rab8 17. Nxf6 Bxf6 18. Nd7+ Ke8 19. Nxb8 Rxb8 20. Rd2 Bg7 21. Rad1
Bc6 22. f5 Nc7 23. Bf4 e5 24. fxe6 Rc8 25. exf7+ Kxf7 26. Rd7+ Bxd7 27. Rxd7+
Kg8 28. Bxc7 Bh6 29. e5 Bf4 30. Bd5+ Kf8 31. Rf7+ Ke8 32. Bd6 1-0

[Event "Women's Speed Chess Q2"]
[Site "chess.com INT"]
[Date "2020.06.19"]
[Round "7"]
[White "Zhuravleva, Olga"]
[Black "Batsiashvili, Nino"]
[Result "0-1"]
[WhiteTitle "WIM"]
[BlackTitle "GM"]
[WhiteElo "2278"]
[BlackElo "2457"]
[WhiteFideId "4145933"]
[BlackFideId "13602993"]
[EventDate "2020.06.19"]

1. e4 c6 2. Nf3 d5 3. Nc3 dxe4 4. Nxe4 Nf6 5. Ng3 g6 6. d4 Bg7 7. c3 O-O 8. Bd3
c5 9. O-O cxd4 10. Nxd4 Bd7 11. h3 Nc6 12. Nf3 Qc7 13. Qe2 e5 14. Bc2 Rfe8 15.
Bg5 h6 16. Bd2 e4 17. Nh2 Re7 18. Rfe1 Rae8 19. Rad1 Ne5 20. Bc1 Bc6 21. Ng4
Nexg4 22. hxg4 Qc8 23. g5 hxg5 24. Bxg5 Qc7 25. Qc4 Qe5 26. Be3 Ng4 27. Bxa7 Qg5
28. Be3 Qh4 29. Nf1 Be5 30. g3 Qh3 31. Bb3 Kg7 32. Qc5 Rh8 33. Nh2 Nxh2 34. Qxe7
Nf3# 0-1

[Event "Women's Speed Chess Q2"]
[Site "chess.com INT"]
[Date "2020.06.19"]
[Round "7"]
[White "Miroshnik, Ekaterina"]
[Black "Keetman, Maaike"]
[Result "1-0"]
[WhiteTitle "WFM"]
[BlackTitle "WFM"]
[WhiteElo "2139"]
[BlackElo "2169"]
[WhiteFideId "34127698"]
[BlackFideId "1033697"]
[EventDate "2020.06.19"]

1. d3 e5 2. Nf3 Nc6 3. Nbd2 d5 4. e4 Nf6 5. Be2 Bc5 6. O-O O-O 7. c3 a5 8. Qc2
h6 9. Qb3 a4 10. Qc2 Re8 11. h3 b6 12. Re1 Bb7 13. Nf1 Ne7 14. Ng3 Ng6 15. Bf1
Nf4 16. Nxe5 Ne6 17. d4 Bf8 18. Bd3 dxe4 19. Nxe4 Nxe4 20. Bxe4 Bxe4 21. Qxe4
Bd6 22. Qf3 Bxe5 23. Rxe5 Qd6 24. Bd2 a3 25. b3 Rad8 26. Rae1 Rf8 27. Bc1 c5 28.
Bxa3 Qd7 29. d5 Nc7 30. c4 Rfe8 31. Bb2 Rxe5 32. Rxe5 Re8 33. Qe2 Rxe5 34. Qxe5
f6 35. Qe4 Ne8 36. Bc1 Nd6 37. Qe2 Kf7 38. Bf4 Qe7 39. Qxe7+ Kxe7 40. Bxd6+ Kxd6
41. f3 Ke5 42. Kf2 Kd6 43. Ke3 Ke5 44. g3 f5 45. h4 g5 46. hxg5 hxg5 47. g4 f4+
48. Kd3 1-0

[Event "Women's Speed Chess Q2"]
[Site "chess.com INT"]
[Date "2020.06.19"]
[Round "7"]
[White "Mammadzada, Gunay"]
[Black "Vijayalakshmi, Subbaraman"]
[Result "0-1"]
[WhiteTitle "IM"]
[BlackTitle "IM"]
[WhiteElo "2443"]
[BlackElo "2332"]
[WhiteFideId "13403729"]
[BlackFideId "5004098"]
[EventDate "2020.06.19"]

1. e4 e5 2. Nf3 Nc6 3. Bb5 a6 4. Ba4 Nf6 5. O-O Be7 6. Re1 b5 7. Bb3 d6 8. c3
Na5 9. Bc2 c5 10. d4 Qc7 11. Nbd2 Bd7 12. Nf1 cxd4 13. cxd4 Rc8 14. Bd3 O-O 15.
b3 Bg4 16. Bb2 exd4 17. h3 Bxf3 18. Qxf3 Nc6 19. Qe2 Nd7 20. Ng3 Nc5 21. Nf5 Bf6
22. Rac1 Qd7 23. Bb1 d3 24. Qd2 Nxe4 25. Qxd3 Qxf5 26. Bxf6 Qxf2+ 27. Kh1 Nxf6
28. Rf1 Qd4 29. Qf5 Qe5 30. Qd3 Nb4 31. Qd2 Rxc1 32. Rxc1 Nbd5 0-1

[Event "Women's Speed Chess Q2"]
[Site "chess.com INT"]
[Date "2020.06.19"]
[Round "7"]
[White "Injac, Teodora"]
[Black "Jakubowska, Anna"]
[Result "1-0"]
[WhiteTitle "WIM"]
[BlackTitle "WIM"]
[WhiteElo "2286"]
[BlackElo "2073"]
[WhiteFideId "932400"]
[BlackFideId "1121952"]
[EventDate "2020.06.19"]

1. d4 d5 2. Nf3 Nf6 3. c4 c6 4. Nbd2 e6 5. e3 Nbd7 6. Bd3 Bd6 7. b3 O-O 8. Bb2
b6 9. O-O Qe7 10. Ne5 Bb7 11. f4 g6 12. Qf3 c5 13. Qh3 dxc4 14. bxc4 cxd4 15.
exd4 Bb4 16. Ndf3 Nh5 17. Ng5 f5 18. Nxd7 Qxd7 19. Be2 Bd2 20. Bxh5 gxh5 21.
Qxh5 Rf6 22. d5 Rg6 23. Rad1 Be3+ 24. Kh1 exd5 25. cxd5 Rc8 26. Rf3 Rc2 27. Be5
Bxd5 28. Rxe3 Bxg2+ 29. Kg1 Qb7 30. Rd8# 1-0

[Event "Women's Speed Chess Q2"]
[Site "chess.com INT"]
[Date "2020.06.19"]
[Round "7"]
[White "Berdychevskaya, Natasha"]
[Black "Monteiro, Sara Cristina da Silva"]
[Result "1/2-1/2"]
[WhiteTitle "WFM"]
[BlackTitle "WCM"]
[WhiteElo "2208"]
[BlackElo "1709"]
[WhiteFideId "4159322"]
[BlackFideId "1909860"]
[EventDate "2020.06.19"]

1. e4 d5 2. exd5 Qxd5 3. Nc3 Qa5 4. Bc4 Nf6 5. d3 c6 6. Ne2 e5 7. O-O Bg4 8. Be3
Nbd7 9. f3 Bh5 10. Qe1 Bd6 11. Nb5 Bb4 12. c3 cxb5 13. cxb4 Qd8 14. Bxb5 O-O 15.
Bxd7 Qxd7 16. d4 Nd5 17. Bf2 Nf4 18. dxe5 Nd3 19. Qc3 Nxf2 20. Rxf2 Rac8 21. Qd4
Qe7 22. Nf4 Rfd8 23. Qe4 Bg6 24. Nxg6 hxg6 25. Re1 b6 26. a3 Qe6 27. f4 Rd5 28.
f5 gxf5 29. Rxf5 Rcd8 30. Rf2 Re8 31. Rf5 Red8 32. Rf2 Rd4 33. Qf5 Qe7 34. e6
fxe6 35. Qxe6+ Qxe6 36. Rxe6 Rd1+ 37. Rf1 R1d2 38. Rf2 Rd1+ 39. Rf1 R1d2 40. Rf2
Rd1+ 1/2-1/2

[Event "Women's Speed Chess Q2"]
[Site "chess.com INT"]
[Date "2020.06.19"]
[Round "7"]
[White "Bivol, Alina"]
[Black "Gaponenko, Inna"]
[Result "0-1"]
[WhiteTitle "WGM"]
[BlackTitle "IM"]
[WhiteElo "2386"]
[BlackElo "2396"]
[WhiteFideId "4100123"]
[BlackFideId "14101181"]
[EventDate "2020.06.19"]

1. Nf3 d5 2. g3 c6 3. Bg2 Bf5 4. O-O e6 5. d3 Nf6 6. Nfd2 h6 7. e4 Bh7 8. Qe2
Be7 9. h3 O-O 10. Kh2 a5 11. f4 Na6 12. Nc3 b5 13. Nd1 Nb4 14. c3 Na6 15. e5 Nd7
16. d4 Nc7 17. g4 f6 18. Nf3 fxe5 19. Nxe5 Nxe5 20. fxe5 Rxf1 21. Qxf1 Bg5 22.
Nf2 Bxc1 23. Rxc1 Qg5 24. Nh1 Qd2 25. b4 axb4 26. cxb4 Qxd4 27. Rxc6 Qxe5+ 28.
Kg1 Rxa2 29. Rxc7 Qxc7 30. Qxb5 Ra1+ 31. Bf1 Bg6 32. h4 Qa7+ 33. Kg2 Ra2+ 34.
Kh3 Ra3+ 35. Ng3 Qc7 0-1

[Event "Women's Speed Chess Q2"]
[Site "chess.com INT"]
[Date "2020.06.19"]
[Round "7"]
[White "Padmini, Rout"]
[Black "Soumya, Swaminathan"]
[Result "1-0"]
[WhiteTitle "IM"]
[BlackTitle "IM"]
[WhiteElo "2370"]
[BlackElo "2351"]
[WhiteFideId "5029295"]
[BlackFideId "5016193"]
[EventDate "2020.06.19"]

1. e4 c5 2. Nf3 Nc6 3. Bb5 g6 4. O-O Bg7 5. c3 Nf6 6. Re1 O-O 7. d4 d5 8. e5 Ne4
9. Nbd2 Nxd2 10. Bxd2 Qb6 11. Qa4 cxd4 12. cxd4 Bg4 13. Bxc6 bxc6 14. Bc3 Bxf3
15. gxf3 c5 16. dxc5 Qxc5 17. Qd4 Rac8 18. Re2 a5 19. Rd1 Qxd4 20. Rxd4 Rc5 21.
Ra4 Rd8 22. Rxa5 Rc4 23. Rd2 d4 24. Rd3 Kf8 25. Kg2 Ke8 26. Bd2 Rc2 27. b4 Rb2
28. f4 e6 29. Kf3 Bf8 30. a3 Be7 31. Ra7 h6 32. Rb7 g5 33. a4 gxf4 34. a5 Ra8
35. b5 1-0

[Event "Women's Speed Chess Q2"]
[Site "chess.com INT"]
[Date "2020.06.19"]
[Round "7"]
[White "Zakirova, Aisha"]
[Black "Mkrtchian, Lilit"]
[Result "0-1"]
[WhiteTitle "WCM"]
[BlackTitle "IM"]
[WhiteElo "1585"]
[BlackElo "2388"]
[WhiteFideId "13719734"]
[BlackFideId "13300601"]
[EventDate "2020.06.19"]

1. d4 d5 2. c4 c6 3. Nf3 Nf6 4. Nc3 dxc4 5. a4 Bf5 6. Ne5 Nbd7 7. Nxc4 Qc7 8. g3
e5 9. dxe5 Nxe5 10. Bf4 Nfd7 11. Bg2 g5 12. Nxe5 gxf4 13. Nxd7 O-O-O 14. O-O
Rxd7 15. Qb3 fxg3 16. fxg3 Be6 17. Qc2 h5 18. Rac1 h4 19. Ne4 hxg3 20. Nxg3 Bd6
21. Qc3 Be5 22. Qf3 Rd4 23. Rc2 Rdh4 24. Rfc1 Bd7 25. Qxf7 Rxh2 26. Qg6 Bxg3 27.
Bxc6 bxc6 28. Rxc6 Bf2+ 29. Kf1 Bh3+ 30. Qg2 Bxg2+ 31. Kxf2 Bxc6+ 0-1

[Event "Women's Speed Chess Q2"]
[Site "chess.com INT"]
[Date "2020.06.19"]
[Round "7"]
[White "Petrova, Irina"]
[Black "Swati, Mohota"]
[Result "1/2-1/2"]
[WhiteTitle "WIM"]
[BlackTitle "WFM"]
[WhiteElo "2087"]
[BlackElo "2027"]
[WhiteFideId "14124122"]
[BlackFideId "5006511"]
[EventDate "2020.06.19"]

1. d4 d5 2. c4 c6 3. Nf3 Nf6 4. Nc3 e6 5. cxd5 exd5 6. Bg5 Be7 7. Qc2 g6 8. e3
Bf5 9. Bd3 Bxd3 10. Qxd3 O-O 11. O-O Re8 12. Rab1 Ne4 13. Bf4 Bd6 14. Be5 f6 15.
Bg3 Qe7 16. a3 Nxg3 17. hxg3 Nd7 18. b4 a6 19. Na4 f5 20. Nc5 Nf6 21. Qc2 Rac8
22. Rfc1 Ne4 23. Nxe4 fxe4 24. Nd2 Rf8 25. Nb3 Qf6 26. Nc5 Bxc5 27. bxc5 Rc7 28.
Rb2 Rcf7 29. Rcb1 Qg7 30. Rb3 Rxf2 31. Qxf2 Rxf2 32. Kxf2 Qf6+ 33. Kg1 Qg5 34.
Kf2 Qf5+ 35. Kg1 Qg5 36. Kf2 Qf5+ 37. Kg1 Qg5 1/2-1/2

[Event "Women's Speed Chess Q2"]
[Site "chess.com INT"]
[Date "2020.06.19"]
[Round "7"]
[White "Bodnaruk, Anastasia"]
[Black "Perez Rodriguez, Jennifer"]
[Result "1-0"]
[WhiteTitle "IM"]
[BlackTitle "WIM"]
[WhiteElo "2411"]
[BlackElo "2251"]
[WhiteFideId "4181751"]
[BlackFideId "3507831"]
[EventDate "2020.06.19"]

1. e4 e5 2. Nf3 Nc6 3. Bb5 f5 4. d3 fxe4 5. dxe4 Nf6 6. O-O Bc5 7. Qd3 d6 8. a3
O-O 9. Bg5 Qe8 10. Nbd2 Kh8 11. Bxf6 Rxf6 12. Nc4 Bg4 13. Nfd2 Qh5 14. Ne3 Be6
15. Bxc6 bxc6 16. Rae1 Raf8 17. Qe2 Qh4 18. g3 Qh3 19. f3 d5 20. Kh1 Rh6 21. Qg2
Qh5 22. g4 Qg5 23. Nf5 Bxf5 24. exf5 Bd6 25. f4 exf4 26. Nf3 Qd8 27. g5 Rh5 28.
Qg4 g6 29. fxg6 hxg6 30. Re6 Kg7 31. Rfe1 Rfh8 32. h4 Re8 33. Rxe8 1-0